Football/Soccer - Name a Valid Answer #1 - Statistics

General Stats
  • This quiz has been taken 82 times
    37 since last reset
  • The average score is 7 of 8
Answer Stats
Hint Answer % Correct
Name a club that has won the Europa League Manchester United | Sevilla | Liverpool | Inter Milan | Tottenham Hotspur | Villarreal | Feyenoord | Borussia Monchengladbach | Juventus | PSV | Frankfurt | Ipswich Town | IFK Göteborg | Anderlecht | Real Madrid | Bayer Leverkusen | Napoli | Ajax | Parma | Bayern Munich | Schalke | Galatasaray | Porto | Valencia | CSKA Moscow | Zenit | Shakhtar Donetsk | Atletico Madrid | Chelsea | Eintracht Frankfurt | Atalanta
100%
Name a club that has won the Champions League Real Madrid | Manchester United | Barcelona | Liverpool | Juventus | Chelsea | Benfica | Ajax | Hamburg | AC Milan | Bayern Munich | Porto | PSV | Aston Villa | Marseille | Borussia Dortmund | Inter MIlan | Celtic | Feyenoord | FCSB | Red Star Belgrade | Nottingham Forest | PSG
100%
Premier League player of the season multiple times Thierry Henry | Cristiano Ronaldo | Nemanja Vidic | Kevin De Bruyne | Mohammad Salah
94%
Player that has won the European Treble twice Jerome Boateng | David Alaba | Javi Martinez | Sergio Busquets | Manuel Neuer | Andres Iniesta | Lionel Messi | Xavi | Thomas Muller | Dani Alves | Samuel Eto'o | Gerard Pique | Pedro
88%
Has won the Premier League with multiple clubs Henning Berg | Nicolas Anelka | Ashley Cole | Kolo Toure | Gael Clichy | Carlos Tevez | Robert Huth | Ngolo Kante | Riyad Mahrez | James Milner | Mark Schwarzer
85%
Teams that have been UCL runners up more than twice Juventus | Atletico Madrid | Inter Milan
79%
Player with most assists in any of the top 5 leagues 24/25 Mohammad Salah | Lukaku | Lamine Yamal | Michael Olise | Rayan Cherki | Gaetan Perrin
79%
Name a player that has won both the UCL and Europa League since 1992 Gianluca Vialli | Deco | Ricardo Carvalho | Steven Gerrard | Jamie Carragher | Michael Carrick | Wayne Rooney | Juan Mata | John Terry | Frank Lampard | Fernando Torres | Paulo Ferreira | Jose Bosingwa | Nuno Valente | Pedro | Victor Valdes | Gerard Pique | Thibault Courtois | Emerson Palmieri | Simao Sabrosa | Lucas Hernandez
64%
No matching quizzes found
Score Distribution
Percent of People with Each Score
Percentile by Number Answered
Your Score History
You have not taken this quiz since the last reset